<?xml version="1.0" encoding="UTF-8"?>
<record
    xmlns:xsi="http://www.w3.org/2001/XMLSchema-instance"
    xsi:schemaLocation="http://www.loc.gov/MARC21/slim http://www.loc.gov/standards/marcxml/schema/MARC21slim.xsd"
    xmlns="http://www.loc.gov/MARC21/slim">

  <leader>01047nam a2200229 a 4500</leader>
  <controlfield tag="005">20110803141539.0</controlfield>
  <datafield tag="010" ind1=" " ind2=" ">
    <subfield code="a">B-440976</subfield>
  </datafield>
  <datafield tag="020" ind1=" " ind2=" ">
    <subfield code="c">625.00</subfield>
    <subfield code="a">9780195672145</subfield>
  </datafield>
  <datafield tag="035" ind1=" " ind2=" ">
    <subfield code="a">B-440976</subfield>
  </datafield>
  <datafield tag="037" ind1=" " ind2=" ">
    <subfield code="b">Researchco Book Centre</subfield>
  </datafield>
  <datafield tag="082" ind1=" " ind2=" ">
    <subfield code="a">324.60954</subfield>
  </datafield>
  <datafield tag="100" ind1="1" ind2=" ">
    <subfield code="a">McMillan, Alistair </subfield>
    <subfield code="9">31074</subfield>
  </datafield>
  <datafield tag="245" ind1="1" ind2="0">
    <subfield code="a">Standing at the margins:</subfield>
    <subfield code="c">by Alistair McMillan </subfield>
    <subfield code="b">representation and electoral reservation in India /</subfield>
  </datafield>
  <datafield tag="260" ind1=" " ind2=" ">
    <subfield code="a">New Delhi </subfield>
    <subfield code="b">Oxford University Press</subfield>
    <subfield code="c">2005</subfield>
  </datafield>
  <datafield tag="270" ind1=" " ind2=" ">
    <subfield code="a">YMCA Library Building, Jai Singh Road, </subfield>
    <subfield code="b">New Delhi </subfield>
    <subfield code="e">110001</subfield>
  </datafield>
  <datafield tag="300" ind1="1" ind2=" ">
    <subfield code="a">xii, 340p.</subfield>
    <subfield code="c">24cm (Hb)</subfield>
  </datafield>
  <datafield tag="500" ind1=" " ind2=" ">
    <subfield code="a">Includes bibliographical references </subfield>
  </datafield>
  <datafield tag="700" ind1=" " ind2=" ">
    <subfield code="9">22431</subfield>
  </datafield>
  <datafield tag="942" ind1=" " ind2=" ">
    <subfield code="2">ddc</subfield>
    <subfield code="c">EN</subfield>
    <subfield code="m">MCM</subfield>
    <subfield code="h">324.60954</subfield>
  </datafield>
  <datafield tag="999" ind1=" " ind2=" ">
    <subfield code="c">53220</subfield>
    <subfield code="d">53220</subfield>
  </datafield>
  <datafield tag="952" ind1=" " ind2=" ">
    <subfield code="0">0</subfield>
    <subfield code="1">0</subfield>
    <subfield code="4">0</subfield>
    <subfield code="7">0</subfield>
    <subfield code="8">NFIC</subfield>
    <subfield code="a">L</subfield>
    <subfield code="b">L</subfield>
    <subfield code="d">2011-08-03</subfield>
    <subfield code="e">Researchco Book Centre/RBC-25096/2011-12/R/20.4.11/76/4.3.11/9.6.11</subfield>
    <subfield code="g">625.00</subfield>
    <subfield code="l">0</subfield>
    <subfield code="o">324.60954 MCM</subfield>
    <subfield code="p">B-440976</subfield>
    <subfield code="r">2011-08-03 00:00:00</subfield>
    <subfield code="t">1</subfield>
    <subfield code="v">625.00</subfield>
    <subfield code="w">2011-08-03</subfield>
    <subfield code="y">EN</subfield>
  </datafield>
</record>
